Normal view MARC view

Entry Personal Name

Number of records used in: 2

001 - CONTROL NUMBER

  • control field: 9396

003 - CONTROL NUMBER IDENTIFIER

  • control field: OSt

005 - DATE AND TIME OF LATEST TRANSACTION

  • control field: 20160614190134.0

008 - FIXED-LENGTH DATA ELEMENTS

  • fixed length control field: 160614|| aca||aabn | a|a d

040 ## - CATALOGING SOURCE

  • Original cataloging agency: OSt
  • Transcribing agency: OSt

100 ## - HEADING--PERSONAL NAME

  • Personal name: Turnpenny, Peter; Ellard, Sian

670 ## - SOURCE DATA FOUND

  • Source citation: Work cat.: (OSt): Turnpenny, Peter; Ellard, Sian, Emery's Elements of Medical Genetics